Účtovné a daňové dôsledky vyraďovania dlhodobého hmotného majetku bakalárska práca

Salvato in:
Dettagli Bibliografici
Autore principale: Švecová, Romana
Ente Autore: Fakulta hospodárskej informatiky EU. Katedra účtovníctva a audítorstva
Altri autori: Turská, Eva
Natura: Libro
Lingua:slovacco
Pubblicazione: Bratislava 2011
Tags: Aggiungi Tag
Nessun Tag, puoi essere il primo ad aggiungerne!!

MARC

LEADER 00000nbm a2200000 4500
001 0141237
005 20161109111744.4
041 0 |a slo 
044 |a SK 
245 1 0 |a Účtovné a daňové dôsledky vyraďovania dlhodobého hmotného majetku  |b bakalárska práca  |c Romana Švecová ; školiteľ: Eva Turská 
264 1 |a Bratislava  |c 2011 
300 |a 41 s. 
100 1 |a Švecová, Romana 
700 1 |a Turská, Eva 
710 2 |a Fakulta hospodárskej informatiky EU. Katedra účtovníctva a audítorstva